000 00501nam a2200133Ia 4500
008 231129s9999||||xx |||||||||||||| ||spa||
020 _a958-21-0037-0
040 _bspa
082 _aR 498 H877v
100 _aHuber Randall Q.
245 0 _aVocabulario comparativo : Palabras selectas de lenguas indigenas de Colombia = Comparative vocabulary : selected words in indigenous languages of Colombia
264 _aInstituto Linguistico de Verano
942 _2ddc
_cBKS
999 _c26407
_d26407